The Marvel-ous Zoo Quiz Stats

 Plays Quiz not verified by Sporcle

Support Sporcle.
Go Orange.
Score 0/24 Timer 10:00
0 Plays Today
Secret Identity Code Name % Correct
T'ChallaBlack Panther
99%
Natasha RomanovaBlack Widow
96.2%
Janet van DyneWasp
94.3%
Sam WilsonFalcon
92.4%
James HowlettWolverine
90.5%
Adrian ToomesVulture
86.7%
Curt ConnorsLizard
84.8%
Aleksei SytsevichRhino
79%
MacDonald GarganScorpion
74.3%
Barbara MorseMockingbird
71.4%
Leland OwlsleyOwl
71.4%
Mortimer TonybeeToad
64.8%
Secret Identity Code Name % Correct
Miles WarrenJackal
54.3%
Hector AyalaWhite Tiger
54.3%
Abner JenkinsBeetle
54.3%
Dmitri SmerdyakovChameleon
53.3%
Maxwell MarkhamGrizzly
45.7%
Thomas FireheartPuma
42.9%
Todd ArlissTiger Shark
38.1%
Klaus VoorheesKing Cobra
29.5%
Antonio RodriguezArmadillo
25.7%
Ulysses X. LugmanSlug
25.7%
John McIverBushmaster
24.8%
Frank OliverKangaroo
21%

You're not logged in!

Compare scores with friends on all Sporcle quizzes.
OR
Log In

From the Vault

Minute Math: Fill-in-the-Blank Addition

by nan28

There are things which seem incredible to most men who have not studied Mathematics. --Archimedes
Remove Ads.
Support Sporcle.
Get the best of Sporcle when you Go Orange. This ad-free experience offers more features, more stats, and more fun while also helping to support Sporcle. Thank you for becoming a member.

Show Comments

Extras

Top Quizzes Today


Score Distribution

Your Account Isn't Verified!

In order to create a playlist on Sporcle, you need to verify the email address you used during registration. Go to your Sporcle Settings to finish the process.

Report this User

Report this user for behavior that violates our Community Guidelines.

Details: